[Event "EY Boys U14 2012"]
[Site "Prague CZE"]
[Date "2012.08.23"]
[Round "7.43"]
[White "Abramciuc,Marius"]
[Black "Lopatik,N"]
[Result "1/2-1/2"]
[WhiteElo "1990"]
[BlackElo "1869"]

1.e4 c5 2.Nc3 Nc6 3.Bb5 Na5 4.f4 a6 5.Bf1 e6 6.g3 d6 7.Bg2 Nc6 8.Nf3 g6 9.O-O Bg7
10.Ne2 Nge7 11.c3 O-O 12.d4 cxd4 13.cxd4 b5 14.Be3 Bd7 15.Bf2 Rc8 16.e5 dxe5
17.dxe5 Nd5 18.Nfd4 Nce7 19.Nb3 Rc7 20.Nc5 Qa8 21.b4 Bc6 22.Nd4 Nxb4 23.Nxc6 Nexc6
24.Qb3 Rd8 25.Rfd1 Rxd1+ 26.Rxd1 Bf8 27.a3 Nd5 28.Bxd5 exd5 29.Qxd5 Bxc5
30.Bxc5 Qe8 31.Bd6 Ne7 32.Bxe7 Rxe7 33.Qd8 Kg7 34.Kf2 Qxd8 35.Rxd8 Ra7 36.Rb8 Rc7
37.Rb6 Rc2+ 38.Kg1 Ra2 39.Rxa6 b4 40.Rb6 bxa3 41.Ra6  1/2-1/2

[Event "EY Boys U14 2012"]
[Site "Prague CZE"]
[Date "2012.08.23"]
[Round "7.55"]
[White "Cesenek,Jan"]
[Black "Kavon,Rastislav"]
[Result "0-1"]
[WhiteElo "1736"]
[BlackElo "1959"]

1.e4 c5 2.Nf3 Nc6 3.Nc3 d6 4.d4 cxd4 5.Nxd4 Nf6 6.Be2 g6 7.Be3 Bg7 8.O-O O-O
9.Kh1 a6 10.a4 Bd7 11.Nb3 Rc8 12.a5 Be6 13.Bb6 Qd7 14.f4 Bxb3 15.cxb3 e6
16.Bf3 Qe7 17.Na4 Nd7 18.Qd2 Nxb6 19.Nxb6 Rcd8 20.Rad1 Bd4 21.Nc4 Bc5 22.g4 Nd4
23.b4 Ba7 24.Qc3 Nb5 25.Qe1 Bd4  0-1

[Event "11th Lichtenberger Sommer 2012"]
[Site "Berlin GER"]
[Date "2012.08.24"]
[Round "7.111"]
[White "Stark,Steven"]
[Black "Stiemerling,K"]
[Result "1-0"]
[WhiteElo "1569"]
[BlackElo "1650"]

1.e4 c5 2.Nc3 Nc6 3.Bb5 a6 4.Bxc6 bxc6 5.Qh5 d6 6.Nge2 Nf6 7.Qh4 e5 8.O-O Be7
9.f3 O-O 10.Qf2 Rb8 11.Kh1 d5 12.d3 d4 13.Nd1 a5 14.a4 Be6 15.b3 Nh5 16.g4 Bh4
17.Qg2 Nf4 18.Nxf4 exf4 19.Bxf4 Rb7 20.h3 Bxb3 21.Rb1 Bg5 22.Rxb3 Rxb3 23.Bxg5 f6
24.cxb3 fxg5 25.Nb2 Qc7 26.Qd2 h6 27.Nc4 Qg3 28.Qg2 Qc7 29.Qh2 Rf4 30.Qd2 Qf7
31.Kg2 h5 32.Qxa5 hxg4 33.hxg4 Qf8 34.Qc7 Rf6 35.a5 Qa8 36.Qe7 Qb8 37.Rb1 Qf4
38.Rf1 Kh7 39.Rh1+ Kg6 40.Ne5+  1-0

[Event "EY Girls U18 2012"]
[Site "Prague CZE"]
[Date "2012.08.24"]
[Round "8.8"]
[White "Gevorgyan,M"]
[Black "Schulz,A2"]
[Result "0-1"]
[WhiteElo "2069"]
[BlackElo "2108"]

1.e4 c5 2.Nc3 Nc6 3.Bb5 Nd4 4.Bc4 e6 5.Nge2 Nf6 6.O-O a6 7.a4 d5 8.exd5 exd5
9.Ba2 Bd6 10.d3 O-O 11.h3 Be6 12.Nxd4 cxd4 13.Ne2 Qb6 14.Bb3 a5 15.f4 Rfe8
16.Qe1 Bf5 17.Qf2 Bxd3 18.cxd3 Qxb3 19.Qf3 Qc2 20.Ng3 Bb4 21.Kh2 Qc8 22.Ne2 Ne4
23.Nxd4 Nc5 24.Rd1 Qd8 25.Be3 Ra6 26.Bf2 Ne6 27.Nc2 Bd6 28.g3 Rc6 29.Na3 Qf6
30.Rd2 Rd8 31.Nb5 Bb8 32.Re1 Nxf4 33.Nd4 Ra6 34.Rc2 Ng6 35.Qxf6 Rxf6 36.Nb5 h6
37.Bd4 Rf3 38.Re3 Bxg3+ 39.Kg2 Nh4+ 40.Kg1 Bf4 41.Re7 Rxd3 42.Bb6 Rf8 43.Bxa5 Ra8
44.Bc7 Bg5 45.Rd7 Rxa4 46.Be5 Nf3+  0-1

[Event "EY Boys U14 2012"]
[Site "Prague CZE"]
[Date "2012.08.24"]
[Round "8.10"]
[White "Van Foreest,Jorden"]
[Black "Garriga Cazorla,Pere"]
[Result "1-0"]
[WhiteElo "2225"]
[BlackElo "2043"]

1.e4 c5 2.Nf3 Nc6 3.Nc3 g6 4.d4 cxd4 5.Nxd4 Bg7 6.Be3 Nf6 7.Bc4 O-O 8.Bb3 d6
9.f3 Bd7 10.Qd2 Na5 11.h4 h5 12.Bh6 Nxb3 13.axb3 Qb6 14.O-O-O a5 15.g4 Qc5
16.Be3 Qc8 17.gxh5 Nxh5 18.Nd5 Qd8 19.Rdg1 e6 20.Nf4 Nxf4 21.Bxf4 a4 22.h5 axb3
23.Nxb3 Qb6 24.hxg6 fxg6 25.Bh6 Ra1+ 26.Nxa1 Qxb2+ 27.Kd1 Qxa1+ 28.Ke2 Bb5+
29.Kf2 Bd4+ 30.Kg2 Bxg1 31.Rxg1 Qf6 32.Bxf8 Qxf8 33.Kf2 Be8 34.Rd1 Bc6 35.Qxd6 Qf7
36.Rh1 g5 37.Qd8+  1-0

[Event "EY Boys U16 2012"]
[Site "Prague CZE"]
[Date "2012.08.25"]
[Round "9.17"]
[White "Meng,R"]
[Black "Dobes,V"]
[Result "0-1"]
[WhiteElo "2291"]
[BlackElo "2060"]

1.e4 c5 2.Nc3 Nc6 3.Bb5 Nd4 4.Bc4 e6 5.Nge2 Ne7 6.Nxd4 cxd4 7.Ne2 Nc6 8.O-O g6
9.d3 Bg7 10.a3 O-O 11.Ng3 a6 12.Ba2 b5 13.f4 f5 14.exf5 gxf5 15.Nh5 Rf7 16.Rf3 Bb7
17.Rg3 Ne7 18.b4 Ng6 19.Bb2 Bh8 20.Qe1 Kf8 21.Rh3 Qc7 22.Qf2 Qd6 23.Bb3 Rc8
24.Rf1 Ke7 25.Rg3 Rg8 26.Ra1 Rff8 27.a4 Ke8 28.axb5 axb5 29.Ra5 Bc6 30.Ra6 Ne7
31.Qd2 Rxg3 32.Nxg3 Nd5 33.Bxd5 Qxd5 34.Qe2 Kd8 35.Qf3 Qxf3 36.gxf3 Bxf3
37.Rb6 Bd1 38.Kf2 Bxc2 39.Ke2 Ba4 40.Rb8+ Ke7 41.Rxf8 Kxf8 42.Kd2 d6 43.Ne2 e5
44.Ng3 Kf7 45.Nxf5 Ke6 46.Ng3 Bg7 47.fxe5 dxe5 48.Ne4 Kf5 49.Ke2 Bf8 50.Ba3 Bb3
51.h3 Bd5 52.Ng3+ Kg5 53.Kf2 Kh4 54.Bc1 Bxb4  0-1

[Event "24th Schlosspark Open"]
[Site "Wiesbaden GER"]
[Date "2012.08.25"]
[Round "4.9"]
[White "Minor,S"]
[Black "Tufa,M"]
[Result "1-0"]
[WhiteElo "2222"]
[BlackElo "1998"]

1.e4 c5 2.Nf3 Nc6 3.Nc3 Nf6 4.Bb5 e6 5.O-O Qc7 6.Re1 a6 7.Bxc6 Qxc6 8.d4 d6
9.d5 Qc7 10.dxe6 Bxe6 11.Nd5 Bxd5 12.exd5+ Be7 13.Nh4 g6 14.Qf3 O-O 15.Rxe7 Qxe7
16.Bg5 Kg7 17.Qh3 h5 18.Qg3 Qe5 19.Bf4 Qxd5 20.c4 Qe6 21.Qg5 Nh7 22.Qh6+ Kg8
23.Nf3 g5 24.Qxe6 fxe6 25.Bxd6 Rf5 26.Re1 Re8 27.Ne5 Rd8 28.g4 hxg4 29.Bxc5 Rd2
30.Be3 Rxb2 31.Nxg4 Rxa2 32.Nh6+ Kg7 33.Nxf5+ exf5 34.Rb1 b5 35.c5 Nf8 36.Rc1 f4
37.Bd4+ Kg6 38.c6 Ne6 39.c7 Nxc7 40.Rxc7 b4 41.Rb7 a5 42.Rb5 Ra3 43.Kg2 Rd3
44.Bb6 Kh5 45.Bxa5 b3 46.f3 Re3 47.Bd8 Re2+ 48.Kh3 Rf2 49.Rxb3 Kg6 50.Bb6 Rc2
51.Rb5 Rd2 52.Ba5 Rf2 53.Bd8 Rxf3+ 54.Kg4 Rf2 55.Rxg5+ Kh6 56.h4 f3 57.Rf5 Rf1
58.Bg5+ Kg7 59.Rxf3 Rg1+ 60.Kh5 Rb1 61.Re3 Rb6 62.Re7+ Kg8 63.Ra7 Rc6 64.Kg4 Rc5
65.Bf6 Rb5 66.h5 Rb1 67.Kf5 Rg1 68.h6 Rf1+ 69.Kg6 Rg1+ 70.Bg5  1-0

[Event "8th Dieppe Open A 2012"]
[Site "Dieppe FRA"]
[Date "2012.08.28"]
[Round "3.11"]
[White "Marholev,D"]
[Black "Leconte,M"]
[Result "1/2-1/2"]
[WhiteElo "2364"]
[BlackElo "2224"]

1.e4 c5 2.Nc3 Nc6 3.Bb5 Nd4 4.Bc4 e6 5.Nge2 Nf6 6.O-O a6 7.Nxd4 cxd4 8.Ne2 Nxe4
9.Nxd4 d5 10.Bb3 Bd6 11.d3 Nc5 12.f4 O-O 13.c3 Nxb3 14.axb3 f6 15.b4 e5 16.Nc2 d4
17.Qf3 dxc3 18.bxc3 exf4 19.d4 Qc7 20.Ra3 g5 21.h4 Kg7 22.Ra5 b6 23.Ra3 Bb7
24.d5 Be5 25.hxg5 fxg5 26.Re1 Rae8 27.Qh5 Bxd5 28.c4 f3 29.Be3 Qxc4 30.Bf2 Qxc2
31.Qxg5+ Kh8 32.Rxe5 Qd1+ 33.Kh2 fxg2 34.Be1 g1=Q+ 35.Kxg1 Qd4+ 36.Rae3 Rg8
37.Rxe8 Qxe3+ 38.Rxe3 Rxg5+ 39.Rg3 Rxg3+ 40.Bxg3 a5 41.bxa5 bxa5 42.Bc7 a4
43.Kf2 a3 44.Ke3 a2 45.Be5+ Kg8 46.Kd2 Kf7 47.Kc1 Ke6 48.Bd4 h5 49.Kb2 h4
50.Bf2 h3  1/2-1/2

[Event "40th Olympiad Open"]
[Site "Istanbul TUR"]
[Date "2012.08.28"]
[Round "1.9"]
[White "Stellwagen,D"]
[Black "Lim,Z"]
[Result "1/2-1/2"]
[WhiteElo "2630"]
[BlackElo "2120"]

1.e4 c5 2.Nc3 Nc6 3.Nf3 g6 4.d4 cxd4 5.Nxd4 Bg7 6.Be3 d6 7.Qd2 Nf6 8.f3 Bd7
9.O-O-O Rc8 10.g4 a6 11.h4 Ne5 12.h5 Nxf3 13.Nxf3 Bxg4 14.h6 Bxh6 15.Rxh6 Bxf3
16.Re1 Nxe4 17.Nxe4 Bxe4 18.Qd4 Qa5 19.c3 Qe5 20.Bf2 f5 21.Qxe5 dxe5 22.Bg3 Rc5
23.c4 a5 24.Bf2 Rc6 25.Bg3 Rc5 26.Bf2 Rc6 27.Bg3 Rc5 28.a3 a4 29.Bf2 Rc8
30.Bg3 Rc5 31.Bf2 Rc8 32.Bg3 Rc5 33.Bf2  1/2-1/2

[Event "40th Olympiad Open"]
[Site "Istanbul TUR"]
[Date "2012.08.28"]
[Round "1.25"]
[White "Madrigal,M"]
[Black "Nguyen Van Huy"]
[Result "1/2-1/2"]
[WhiteElo "2155"]
[BlackElo "2506"]

1.e4 c5 2.Nc3 Nc6 3.Bb5 Nd4 4.Bc4 e6 5.Nge2 Nf6 6.d3 d5 7.Bb3 Nxb3 8.axb3 d4
9.Nb1 Be7 10.Nd2 O-O 11.O-O b5 12.f4 Ng4 13.Nf3 f5 14.e5 Bb7 15.Qe1 Qd5 16.h3 Nh6
17.Kh2 Nf7 18.Qf2 Nd8 19.Bd2 Nc6 20.Rg1 g6 21.Raf1 h5 22.Qg3 Kf7 23.Ng5+ Kg7
24.Qh4 Rh8 25.Rd1 Rae8 26.Nc1 a6 27.c4 dxc3 28.bxc3 Nd8 29.d4 c4 30.b4 Nf7
31.Ne2 Ra8 32.Ra1 Qd7 33.Ra2 Bd5 34.Rga1 Qb7 35.Qg3 Ra7 36.Ng1 Rha8 37.N1f3 Nxg5
38.Nxg5 Qc7 39.Ra5 Bd8 40.Nf3 Qb7 41.Ng5 Qd7 42.h4 Bc6 43.Kg1 Qd5 44.Qf3  1/2-1/2

[Event "40th Olympiad Open"]
[Site "Istanbul TUR"]
[Date "2012.08.28"]
[Round "1.3"]
[White "Petrosian,TL"]
[Black "Ferrufino,B"]
[Result "1-0"]
[WhiteElo "2661"]
[BlackElo "2171"]

1.e4 c5 2.Nc3 Nc6 3.Bb5 g6 4.Bxc6 dxc6 5.d3 Bg7 6.Be3 b6 7.Qd2 e5 8.f4 exf4
9.Bxf4 Nf6 10.Nf3 O-O 11.O-O Bg4 12.Ne5 Qe8 13.Rae1 Be6 14.Bh6 Qb8 15.Bxg7 Kxg7
16.Nxc6 Qc7 17.Qf4 Qxf4 18.Rxf4 Rfe8 19.Ref1 Nh5 20.R4f2 f5 21.exf5 Bxf5
22.Nd5 Rf8 23.Ne3 Be6 24.Rxf8 Rxf8 25.Rxf8 Kxf8 26.Nxa7 Bd7 27.Nd5 b5 28.Nc7 b4
29.Na6  1-0

[Event "40th Olympiad Women"]
[Site "Istanbul TUR"]
[Date "2012.08.28"]
[Round "1.8"]
[White "Hairapetian,A"]
[Black "Boshra,Alshaeby"]
[Result "1-0"]
[WhiteElo "2203"]
[BlackElo "1927"]

1.e4 c5 2.Nf3 Nc6 3.Nc3 d6 4.d4 cxd4 5.Nxd4 e5 6.Nf5 Bxf5 7.exf5 Qd7 8.Bd3 Nge7
9.O-O Nxf5 10.f4 g6 11.Bxf5 gxf5 12.Nd5 O-O-O 13.Be3 Kb8 14.c3 Ne7 15.Nxe7 Bxe7
16.fxe5 dxe5 17.Qxd7 Rxd7 18.Rxf5 f6 19.Raf1 Kc7 20.Kf2 Kd6 21.Ke2 Rg8 22.g3 b6
23.Rh5 Rg7 24.Bh6 Rf7 25.Bg5 Ke6 26.Rh6 Rd8 27.Bh4 Rg8 28.Rf3 Rg6 29.Rh5 Rg8
30.Rhf5 e4 31.Rf1 Rfg7 32.Bxf6 Bxf6 33.Rxf6+ Kd7 34.Ke3 Re7 35.R1f4 Rge8
36.Rf7 Kd6 37.Rxe7 Rxe7 38.Rxe4 Rf7 39.Rh4 Kd5 40.b3 Kc5 41.Rh5+ Kd6 42.a4 Rc7
43.Kd4 Rf7 44.b4 Rg7 45.Rh6+ Kc7 46.c4  1-0

[Event "19th Graz Open 2012"]
[Site "Graz AUT"]
[Date "2012.08.29"]
[Round "5.12"]
[White "Eder,Matthias"]
[Black "Jicman,L"]
[Result "1-0"]
[WhiteElo "2080"]
[BlackElo "2199"]

1.e4 c5 2.Nf3 Nc6 3.Nc3 g6 4.d4 cxd4 5.Nxd4 Bg7 6.Nxc6 bxc6 7.Bc4 e6 8.O-O Ne7
9.Qd6 Qa5 10.f4 Qb6+ 11.Kh1 c5 12.Nb5 Qxd6 13.Nxd6+ Kf8 14.f5 gxf5 15.exf5 Nxf5
16.Nxf5 exf5 17.Bf4 Bb7 18.Bd6+ Ke8 19.Rxf5 f6 20.Re1+ Kd8 21.Rxc5 Bc6 22.Rd1 Ke8
23.Bc7 d5 24.Bxd5 Bxd5 25.Rcxd5 Kf7 26.Rd7+ Kg6 27.h4 h5 28.R1d3 Rhg8 29.Rg3+ Kh7
30.Rd5 Rge8 31.Rxh5+ Kg8 32.Rd5 Re7 33.Bd8 Rf7 34.c4 Rc8 35.c5 f5 36.b4 Kh7
37.Rf3 Bf8 38.Bg5 Kg6 39.g4 fxg4 40.h5+ Kg7 41.Bh6+ Kg8 42.Rxf7 Kxf7 43.Rf5+ Ke6
44.Rxf8 Rc7 45.Bf4 Rh7 46.h6 Kd5 47.Kg2 Kc4 48.Rg8 Kxb4 49.Rg7 Rh8 50.h7 Kxc5
51.Be5 Kd5 52.Ba1  1-0

[Event "40th Olympiad Open"]
[Site "Istanbul TUR"]
[Date "2012.08.29"]
[Round "2.65"]
[White "Mohamed,H MDV"]
[Black "Chipanga,C"]
[Result "1-0"]
[WhiteElo "1790"]
[BlackElo "2116"]

1.e4 c5 2.Nf3 Nc6 3.Nc3 e6 4.a3 Nd4 5.Bc4 a6 6.Nxd4 cxd4 7.Ne2 b5 8.Bb3 Bc5
9.O-O Ne7 10.d3 Ng6 11.Nf4 Qc7 12.Qf3 Bb7 13.Nh5 O-O 14.Qg4 f5 15.exf5 Rxf5
16.Qxf5 Bxg2 17.Qg4 Bb7 18.Ng3 Rf8 19.f4 Kh8 20.Bd2 a5 21.a4 b4 22.Rae1 Bd6
23.f5 Ne5 24.Rxe5 Bxe5 25.fxe6 Rxf1+ 26.Kxf1 dxe6 27.Qxe6 Qb8 28.Qf7 Bc6
29.Bg5 Bf6 30.Qxf6 Bxa4 31.Nh5 Qg8 32.Bxa4 h6 33.Qxg7+ Qxg7 34.Nxg7  1-0

[Event "40th Olympiad Open"]
[Site "Istanbul TUR"]
[Date "2012.08.29"]
[Round "2.73"]
[White "Gwaze,R"]
[Black "Tarlabasi,Emirhan"]
[Result "1-0"]
[WhiteElo "2454"]
[BlackElo "1740"]

1.e4 c5 2.Nf3 Nc6 3.Nc3 e5 4.Bc4 Be7 5.d3 d6 6.h3 Nf6 7.O-O O-O 8.Re1 a6
9.a4 Rb8 10.Nh2 Nd4 11.Nd5 Nxd5 12.Bxd5 Bg5 13.c3 Ne6 14.Bxe6 Bxe6 15.d4 cxd4
16.cxd4 exd4 17.Bxg5 Qxg5 18.Nf3 Qg6 19.Ra3 Qh5 20.Nxd4 Qxd1 21.Rxd1 Rfe8
22.Ne2 Bc4 23.Nc3 Rbd8 24.a5 f6 25.Rd4 Bf7 26.f4 h6 27.Raa4 g5 28.g3 Be6
29.Rab4 Rd7 30.Rb6 gxf4 31.gxf4 Bxh3 32.Rdxd6 Rxd6 33.Rxd6 Kf7 34.f5 Re5
35.b4 Re7 36.Kf2 h5 37.Kf3 Bf1 38.Nd5  1-0

[Event "40th Olympiad Open"]
[Site "Istanbul TUR"]
[Date "2012.08.29"]
[Round "2.57"]
[White "Kassis,A LIB"]
[Black "Celis,J"]
[Result "1-0"]
[WhiteElo "2209"]
[BlackElo "1810"]

1.e4 c5 2.Nc3 Nc6 3.Bb5 g6 4.Bxc6 bxc6 5.d3 Bg7 6.f4 d5 7.e5 Nh6 8.Nf3 O-O
9.O-O Rb8 10.Na4 Qa5 11.c4 Rd8 12.Bd2 Qa6 13.Nxc5 Qb6 14.b4 dxc4 15.dxc4 Bg4
16.Qe1 e6 17.Kh1 Bf8 18.Ne4 Bxb4 19.Bxb4 Qxb4 20.Nf6+ Kg7 21.Ng5 Qxe1 22.Rfxe1 Bf5
23.Nfxh7 Bd3 24.c5 Bc4 25.Nf6 Rb2 26.Nge4 Rxa2 27.Nd6 Bd5 28.Nxd5 Rxa1 29.Rxa1 cxd5
30.Rxa7 d4 31.c6 d3 32.c7 d2 33.Ra1 Ra8 34.Rd1 Ng4 35.Kg1 Ne3 36.Rxd2 Ng4
37.Rd1 Ne3 38.Rc1  1-0

[Event "40th Olympiad Women"]
[Site "Istanbul TUR"]
[Date "2012.08.29"]
[Round "2.14"]
[White "Van Der Merwe,C"]
[Black "Rogule,L"]
[Result "0-1"]
[WhiteElo "2043"]
[BlackElo "2315"]

1.e4 c5 2.Nf3 Nc6 3.Nc3 d6 4.Bb5 Bd7 5.Bxc6 Bxc6 6.d4 cxd4 7.Qxd4 h6 8.Be3 Nf6
9.h3 e5 10.Qd3 Be7 11.O-O-O O-O 12.g4 b5 13.Nd2 d5 14.exd5 Nxd5 15.Nxd5 Qxd5
16.Qxd5 Bxd5 17.Rhe1 Bxa2 18.Nf3 Rfc8 19.Nxe5 Rc7 20.Rd7 Rac8 21.Re2 Rxd7
22.Nxd7 Be6 23.Ne5 a5 24.f4 a4 25.f5 Bd5 26.Rd2 Be4 27.Kd1 b4 28.Bd4 a3 29.bxa3 bxa3
30.c4 f6 31.Ng6 Bb4 32.Ra2 Rxc4 33.Bf2 Bf3+  0-1

[Event "40th Olympiad Open"]
[Site "Istanbul TUR"]
[Date "2012.08.29"]
[Round "2.41"]
[White "Rowe,D"]
[Black "Nassr,A"]
[Result "0-1"]
[WhiteElo "2251"]
[BlackElo "2030"]

1.e4 c5 2.Nc3 Nc6 3.Bb5 Nd4 4.Bc4 e6 5.Nge2 Nxe2 6.Qxe2 d6 7.O-O Be7 8.f4 Nf6
9.e5 dxe5 10.fxe5 Nd7 11.d3 O-O 12.Bf4 Nb6 13.Bb3 Nd5 14.Bd2 Nxc3 15.Bxc3 Bd7
16.Qg4 Qc7 17.Rf3 b5 18.Rh3 g6 19.Re1 Rac8 20.a3 c4 21.dxc4 bxc4 22.Ba2 f5
23.exf6 Bxf6 24.Rhe3 Bxc3 25.bxc3 Rf4 26.Qe2 Qc5 27.Kh1 Rcf8 28.h3 Bc6 29.Rg3 Bd5
30.Qe5 Rf1+ 31.Kh2 Qg1+  0-1

[Event "40th Olympiad Women"]
[Site "Istanbul TUR"]
[Date "2012.08.30"]
[Round "3.4"]
[White "Novkovic,J"]
[Black "Milliet,S"]
[Result "0-1"]
[WhiteElo "2066"]
[BlackElo "2411"]

1.e4 c5 2.Nf3 Nc6 3.Nc3 g6 4.d4 cxd4 5.Nxd4 Bg7 6.Be3 Nf6 7.Bc4 O-O 8.Bb3 d6
9.h3 Na5 10.Qd2 a6 11.Bh6 b5 12.Bxg7 Kxg7 13.O-O Nxb3 14.axb3 Bb7 15.Rfe1 Rc8
16.Rac1 Qd7 17.Nf3 Rc7 18.e5 dxe5 19.Qxd7 Nxd7 20.Nxe5 Nxe5 21.Rxe5 Rfc8
22.Re2 b4 23.Na2 a5 24.Rd2 Rc5 25.c4 bxc3 26.bxc3 Rg5 27.f4 Rb5 28.Rb2 Bd5
29.c4 Rxc4 30.bxc4 Rxb2 31.cxd5 Rxa2 32.Rc5 h5 33.h4 Ra4 34.g3 Ra2 35.Rb5 Kf6
36.Rc5 a4 37.Ra5 a3 38.Kh1 Kf5 39.d6+ Ke6 40.dxe7 Kxe7 41.Kg1 Kd6 42.f5 gxf5
43.Kf1 Kc6 44.Ke1 Kb6 45.Ra8 Kc5 46.Kd1 Kb4 47.Rb8+ Kc3 48.Rc8+ Kd3 49.Rd8+ Ke3
50.Kc1 Rg2 51.Kb1 Rxg3 52.Rh8 f4 53.Rxh5 f3 54.Re5+ Kf4 55.Re7 f5  0-1

[Event "40th Olympiad Open"]
[Site "Istanbul TUR"]
[Date "2012.08.30"]
[Round "3.8"]
[White "Gopal,G"]
[Black "Skoberne,J"]
[Result "1/2-1/2"]
[WhiteElo "2550"]
[BlackElo "2552"]

1.e4 c5 2.Nf3 Nc6 3.Nc3 e5 4.Bc4 Be7 5.d3 Nf6 6.O-O O-O 7.a3 d6 8.h3 a6 9.Ba2 Be6
10.Nd5 Nd4 11.Ne3 Nd7 12.c3 Nxf3+ 13.Qxf3 Bg5 14.Nd5 Bxc1 15.Rfxc1 Nb6 16.Nxb6 Qxb6
17.Rcb1 Bxa2 18.Rxa2 Qb3 19.Raa1 Rad8 20.c4 b5 21.Qe2 f5 22.f3 fxe4 23.fxe4 bxc4
24.dxc4 Rb8 25.Rd1 Qxb2 26.Qxb2 Rxb2 27.Rxd6 Rff2 28.Rd8+ Kf7 29.Rf1 Rxf1+
30.Kxf1 Rc2 31.Rd5 Rxc4 32.Rxe5 Rc2 33.h4 c4 34.Rc5 Ke6 35.e5 h5 36.g3 c3
37.Ke1 Rc1+ 38.Ke2 c2 39.Kd2 Rg1 40.Kxc2 Rg2+ 41.Kd1 Rxg3 42.Rc6+ Kxe5 43.Rxa6 Kf4
44.Ke2 Rg2+ 45.Kf1 Kf3 46.Rb6 Ra2 47.Kg1 Rxa3 48.Rg6 Ra1+ 49.Kh2 Ra4 50.Rg3+ Kf2
51.Rg2+ Kf3 52.Rg3+ Kf2 53.Rg2+ Kf3  1/2-1/2

[Event "40th Olympiad Open"]
[Site "Istanbul TUR"]
[Date "2012.08.30"]
[Round "3.38"]
[White "Nanjo,R"]
[Black "Agopov,M"]
[Result "1/2-1/2"]
[WhiteElo "2316"]
[BlackElo "2429"]

1.e4 c5 2.Nf3 Nc6 3.Nc3 g6 4.d4 cxd4 5.Nxd4 Bg7 6.Be3 Nf6 7.Be2 O-O 8.Nb3 d6
9.f4 Be6 10.g4 Na5 11.g5 Nd7 12.Bd4 Rc8 13.Bxg7 Kxg7 14.Qd4+ Kg8 15.h4 Qb6
16.Qxb6 axb6 17.Nd4 Nc6 18.O-O-O Nxd4 19.Rxd4 f6 20.Nd5 Kf7 21.gxf6 Nxf6
22.Nxb6 Rc5 23.a4 Kg7 24.Rg1 Nd7 25.Nxd7 Bxd7 26.f5 Kf6 27.fxg6 hxg6 28.c3 Rh8
29.Kd2 Re5 30.Rh1 Bc6 31.Bf3 Kf7 32.b3 Ke8 33.c4 Kd8 34.Ke3 Kc7 35.Bd1 Rg5
36.Bf3 Re5 37.Bd1 Rg5 38.Bf3  1/2-1/2

[Event "40th Olympiad Women"]
[Site "Istanbul TUR"]
[Date "2012.08.30"]
[Round "3.31"]
[White "Rios Almada,Iara"]
[Black "Hansen,Erl"]
[Result "1/2-1/2"]
[WhiteElo "1604"]
[BlackElo "1861"]

1.e4 c5 2.Nf3 Nc6 3.Nc3 e6 4.g3 g6 5.Bg2 Bg7 6.O-O a6 7.d3 Nh6 8.h3 f6 9.Be3 b6
10.Ne2 Nf7 11.c4 O-O 12.Qd2 Qc7 13.a3 Bb7 14.b4 Ne7 15.Nh2 d5 16.bxc5 bxc5
17.Nf4 Qd6 18.Rab1 Rfb8 19.exd5 exd5 20.Qa5 Nc6 21.Qxc5 Qxc5 22.Bxc5 Nce5
23.Nxd5 Nxd3 24.Ne7+ Kh8 25.Bxb7 Nxc5 26.Bxa8 Rxa8 27.Nf3 Nd6 28.Rfc1 Re8
29.Nc6 Ndb7 30.Nfd4 f5 31.Re1 Rc8 32.Kg2 Nd6 33.Rb8 Rxb8 34.Nxb8 Bxd4 35.Rd1 Ne6
36.Re1 Nc5 37.Rd1 Ne6 38.Re1 Nc5 39.Rh1  1/2-1/2

[Event "40th Olympiad Open"]
[Site "Istanbul TUR"]
[Date "2012.08.30"]
[Round "3.33"]
[White "Aung,K"]
[Black "Ferreira,Jor1"]
[Result "0-1"]
[WhiteElo "2149"]
[BlackElo "2338"]

1.e4 c5 2.Nc3 Nc6 3.Bb5 Nd4 4.Bd3 g6 5.f4 Bg7 6.Nf3 d6 7.Nxd4 cxd4 8.Ne2 Nh6
9.O-O O-O 10.f5 d5 11.fxg6 hxg6 12.exd5 Qxd5 13.Ng3 Ng4 14.b3 Be5 15.Ba3 Bxg3
16.h3 Ne5 17.Bxe7 Re8 18.Bf6 Nxd3 19.cxd3 Be5  0-1

[Event "40th Olympiad Women"]
[Site "Istanbul TUR"]
[Date "2012.08.30"]
[Round "3.6"]
[White "Krivec,J"]
[Black "Dauletova,G"]
[Result "1-0"]
[WhiteElo "2240"]
[BlackElo "2267"]

1.e4 c5 2.Nc3 Nc6 3.Bb5 Nd4 4.Nf3 a6 5.Bd3 g6 6.Nxd4 cxd4 7.Ne2 Bg7 8.c3 dxc3
9.dxc3 Nf6 10.O-O O-O 11.h3 d6 12.Be3 Bd7 13.a4 Bc6 14.f3 e5 15.c4 Nh5 16.Qd2 Nf4
17.Bc2 b5 18.axb5 axb5 19.Rxa8 Qxa8 20.Nxf4 exf4 21.Bd4 Be5 22.Bxe5 dxe5
23.cxb5 Bxb5 24.Rd1 Rc8 25.Bb3 Bc4 26.Bxc4 Rxc4 27.Qd6 Qa5 28.Kh2 Qc7 29.Qf6 Rd4
30.Rxd4 exd4 31.Qxd4 Qe7 32.b4 Qg5 33.Qf2 Qb5 34.Qc5 Qxc5 35.bxc5 Kf8 36.h4 Ke7
37.g3 Kd7 38.gxf4 Kc6 39.Kg3 h5 40.f5 gxf5 41.e5 Kxc5 42.Kf4 Kd4 43.Kxf5 Ke3
44.Kf6 Kf4 45.Kxf7 Kxe5 46.Kg6 Kf4 47.Kxh5 Kf5 48.f4  1-0

[Event "Botvinnik Memorial 2012"]
[Site "St Petersburg RUS"]
[Date "2012.08.30"]
[Round "6.36"]
[White "Pashinsky,M"]
[Black "Tunik,G"]
[Result "0-1"]
[WhiteElo "2220"]
[BlackElo "2456"]

1.e4 c5 2.Nc3 Nc6 3.Bb5 Nd4 4.Bc4 e6 5.Nf3 Nf6 6.O-O a6 7.e5 d5 8.exf6 dxc4
9.fxg7 Bxg7 10.d3 cxd3 11.Qxd3 Bd7 12.Nxd4 cxd4 13.Qg3 O-O 14.Ne4 Kh8 15.Bf4 Bc6
16.Rfe1 Qd5 17.Bd6 Rg8 18.Be7 Be5 19.Qh4 Rg6 20.c4 Qa5 21.Ng5 Rg7 22.Qh5 Kg8
23.Ne4 Bxe4 24.Rxe4 f5 25.Bb4 Qc7 26.Ree1 Qc6 27.g3 Bf6 28.b3 Rg6 29.Rad1 Kg7
30.Bd2 Re8 31.Bc1 Qd7 32.f4 b5 33.cxb5 axb5 34.Qf3 Rc8 35.Bb2 Kf7 36.Rd3 Rgg8
37.Qh5+ Kg7 38.Red1 Rgd8 39.R1d2 Qa7 40.g4 fxg4 41.Qxg4+ Kh8 42.Qxe6 Bg7
43.f5 Re8 44.Qd5 Qe7 45.Qf3 Bf6 46.Rd1 Rc2 47.Bxd4 Rxa2 48.Bxf6+ Qxf6 49.Kh1 Qh4
50.Qg3 Qe4+ 51.Qf3 Qe1+ 52.Qf1 Qh4 53.Rh3 Qe4+ 54.Qf3 Qe1+ 55.Qf1 Qe4+ 56.Rf3 Qc2
57.Qg1 Qe4 58.Rf1 Rg8 59.Qe3 Rgg2 60.Qc3+ Kg8 61.Rg1 Rxg1+ 62.Kxg1 Kf7 63.Rg3 Qb1+  0-1

[Event "11th Istanbul Open A"]
[Site "Istanbul TUR"]
[Date "2012.08.31"]
[Round "2"]
[White "Babujian,L"]
[Black "Alaslar,D"]
[Result "1-0"]
[WhiteElo "2482"]
[BlackElo "2151"]

1.e4 c5 2.Nc3 Nc6 3.Bb5 Nd4 4.Nf3 e6 5.O-O a6 6.Bd3 Nxf3+ 7.Qxf3 Qc7 8.b3 Bd6
9.h3 Be5 10.Bb2 Nf6 11.Rae1 d6 12.Nd1 Bxb2 13.Nxb2 Bd7 14.Nc4 e5 15.Ne3 O-O-O
16.Rb1 Be6 17.Bc4 b5 18.Bxe6+ fxe6 19.c4 Rhf8 20.b4 bxc4 21.bxc5 d5 22.exd5 exd5
23.Qf5+ Nd7 24.Nxd5 Qxc5 25.Qe6  1-0

[Event "11th Istanbul Open A"]
[Site "Istanbul TUR"]
[Date "2012.08.31"]
[Round "2"]
[White "Kanmazalp,O"]
[Black "Metin,O"]
[Result "1-0"]
[WhiteElo "2369"]
[BlackElo "2016"]

1.e4 c5 2.Nf3 Nc6 3.Nc3 d6 4.d4 cxd4 5.Nxd4 Nf6 6.Bg5 e5 7.Ndb5 a6 8.Na3 b5
9.Bxf6 gxf6 10.Nd5 f5 11.Bd3 Be6 12.c3 Bg7 13.Nxb5 Bxd5 14.exd5 Ne7 15.Na3 O-O
16.O-O e4 17.Bc2 Ng6 18.Qh5 Qf6 19.f4 Rfc8 20.Rad1 Rab8 21.Bb3 a5 22.Qe2 h5
23.Nc4 a4 24.Bxa4 Rxc4 25.Qxc4 Rxb2 26.Rc1 Bh6 27.Rc2 Rxc2 28.Bxc2 Bxf4 29.g3 Qg5
30.Kh1 Bxg3 31.hxg3 Qxg3 32.Qc8+  1-0

[Event "40th Olympiad Open"]
[Site "Istanbul TUR"]
[Date "2012.08.31"]
[Round "4.34"]
[White "Dzhumaev,M"]
[Black "Crosa Coll,M"]
[Result "1/2-1/2"]
[WhiteElo "2499"]
[BlackElo "2344"]

1.e4 c5 2.Nf3 Nc6 3.Nc3 e5 4.Bc4 Be7 5.d3 d6 6.Nd2 Bg5 7.Nf1 Bxc1 8.Rxc1 Nge7
9.Ne3 O-O 10.O-O a6 11.a4 Be6 12.Qd2 Ng6 13.Ra1 Rc8 14.f3 Qg5 15.Rf2 Nce7
16.g3 Rcd8 17.Kh1 Kh8 18.f4 exf4 19.gxf4 Qh6 20.f5 Bxc4 21.dxc4 Ne5 22.Rg1 Ng8
23.Qe2 Nf6 24.Ned5 Nxd5 25.Nxd5 Rfe8 26.Rfg2 g6 27.f6 Nd7 28.Rg4 Re5 29.Qf2 Rde8
30.Re1 R8e6 31.Rf4 Rh5 32.Ne3 Qg5 33.Rf1 Qe5 34.Nd5 Qxb2 35.Rf3 Re8 36.Rb3 Qe5
37.Rxb7 Qxe4+ 38.Qg2 Qxg2+ 39.Kxg2 Rg5+ 40.Kf2 Ne5 41.Ne3 h5 42.Re7 Rf8 43.h4 Ng4+
44.Kg1 Re5 45.Nxg4 hxg4 46.Rxe5 dxe5 47.Rd1 Re8 48.Rd7 Kg8 49.Re7 Rc8 50.Kg2 Rc6
51.Rxe5 Rxf6 52.Kg3 Rf5 53.Re8+ Kg7 54.Kxg4 Rf1 55.Rc8 f5+ 56.Kg3 Rg1+ 57.Kf3 Rg4
58.h5 Rxc4 59.Rc7+ Kh6 60.hxg6 Kxg6 61.a5 Rxc2 62.Rc6+ Kg5 63.Rxa6 Rc3+ 64.Ke2 Ra3
65.Ra8 Kf4 66.a6 c4 67.Kd2 Kf3 68.a7 f4 69.Kc2 c3 70.Kd3 Kf2  1/2-1/2

[Event "World Youth U16 Olympiad 2012"]
[Site "Istanbul TUR"]
[Date "2012.08.31"]
[Round "4.8"]
[White "Vavulin,M"]
[Black "Cukrowski,F"]
[Result "1-0"]
[WhiteElo "2292"]
[BlackElo "2154"]

1.e4 c5 2.Nf3 Nc6 3.Nc3 d6 4.d4 cxd4 5.Nxd4 Nf6 6.Bc4 e5 7.Nf5 Be6 8.Bb3 Nxe4
9.Nxg7+ Bxg7 10.Nxe4 d5 11.Ng5 O-O 12.c3 h6 13.Nxe6 fxe6 14.O-O e4 15.Qg4 Qf6
16.Be3 Kh8 17.Kh1 b5 18.Qe2 a6 19.f3 Qg6 20.fxe4 dxe4 21.a4 Rxf1+ 22.Rxf1 bxa4
23.Bxa4 Ne7 24.Bc5 Nd5 25.Bc2 Nf6 26.Rxf6 Bxf6 27.Bxe4 Qg5 28.Be3 Qg8 29.Qh5 Bg7
30.Bxh6 Qe8 31.Bxg7+ Kxg7 32.Qg5+ Kf8 33.Qf6+ Kg8 34.Bxa8  1-0

[Event "FSGM Sept 2012"]
[Site "Budapest HUN"]
[Date "2012.09.01"]
[Round "1.1"]
[White "Todorovic,GM"]
[Black "Konnyu,J"]
[Result "1/2-1/2"]
[WhiteElo "2502"]
[BlackElo "2328"]

1.e4 c5 2.Nf3 Nc6 3.Nc3 Nf6 4.d4 d5 5.exd5 Nxd5 6.Nxd5 Qxd5 7.Be3 cxd4 8.Nxd4 Nxd4
9.Qxd4 Qxd4 10.Bxd4 Bd7 11.O-O-O Rg8 12.Bd3 g6 13.Be4 Bc6 14.Bxc6+ bxc6 15.Rd3 a6
16.Rhd1 Bh6+ 17.Kb1 O-O-O 18.Bb6 Rxd3 19.Rxd3 Bg7 20.c4 Re8 21.Kc2 Be5 22.b4 Bxh2
23.g3 h5 24.Kb3 h4 25.gxh4 Bc7  1/2-1/2